| 000 | 00391nam a22001337a 4500 | ||
|---|---|---|---|
| 020 | _qPB. | ||
| 040 | _cFIZZA ISHAQ | ||
| 082 |
_a005.133 _bMAR |
||
| 100 |
_aDEINUM,MARTEN. _991824 |
||
| 245 |
_aSPRING 5 RECIPES A PROBLEM SOLUTION APPROACH / _cMARTEN DEINUM. |
||
| 260 |
_aNEW YORK ; _c2017. |
||
| 300 | _a831 P. ; | ||
| 942 |
_2ddc _cBK |
||
| 999 |
_c589959 _d589959 |
||